[Event "Alushta Autumn 3rd"]
[Site "Alushta"]
[Date "2004.09.14"]
[Round "7"]
[White "Alexandrova, Olga"]
[Black "Nikitin, Andrey"]
[Result "1/2-1/2"]
[WhiteElo "2423"]
[BlackElo "2452"]
[PlyCount "29"]
[EventDate "2004.09.10"]
[EventType "tourn"]
[EventRounds "15"]
[EventCountry "UKR"]
[EventCategory "9"]
[Source "ChessBase"]
[SourceDate "2004.11.03"]

1. d4 d5 2. c4 e6 3. Nc3 Be7 4. Nf3 Nf6 5. Bg5 O-O 6. e3 h6 7. Bh4 b6 8. Bxf6
Bxf6 9. cxd5 exd5 10. Be2 Be6 11. O-O c5 12. dxc5 bxc5 13. Qa4 Nd7 14. Rfd1 Nb6
15. Qc2 1/2-1/2

[Event "Alushta Autumn 3rd"]
[Site "Alushta"]
[Date "2004.09.14"]
[Round "7"]
[White "Kuzubov, Yuriy"]
[Black "Annageldyev, Orazly"]
[Result "1-0"]
[WhiteElo "2467"]
[BlackElo "2458"]
[PlyCount "143"]
[EventDate "2004.09.10"]
[EventType "tourn"]
[EventRounds "15"]
[EventCountry "UKR"]
[EventCategory "9"]
[Source "ChessBase"]
[SourceDate "2004.11.03"]

1. d4 d5 2. c4 e6 3. Nf3 Nf6 4. Nc3 Be7 5. Bg5 h6 6. Bh4 O-O 7. e3 b6 8. cxd5
exd5 9. Bd3 Nbd7 10. O-O Bb7 11. Qe2 Ne4 12. Bxe7 Qxe7 13. Rac1 c5 14. Ba6 Ndf6
15. dxc5 bxc5 16. Nxe4 Nxe4 17. Rfd1 Rfd8 18. Nd2 Bxa6 19. Qxa6 Nxd2 20. Rxd2
d4 21. exd4 cxd4 22. g3 Rd6 23. Qd3 Rad8 24. h4 g6 25. Rc4 h5 26. b3 Rd5 27.
Kg2 Qd6 28. Re2 Re5 29. Rxd4 Qc6+ 30. Qf3 Qxf3+ 31. Kxf3 Rf5+ 32. Ke3 Re5+ 33.
Re4 Red5 34. Kf3 Kg7 35. Re5 Rd3+ 36. R2e3 Rd2 37. Ra5 R8d6 38. Kg2 a6 39. Rf3
Re6 40. a3 Ra2 41. b4 Rd2 42. Rc5 Rd7 43. Rfc3 Rdd6 44. Re3 Rf6 45. Ra5 Rd2 46.
Rf3 Re6 47. Rc5 Rd7 48. Rf4 Rb7 49. Rd4 Rf6 50. Rdc4 Rbb6 51. Rf4 Rfc6 52. Rxc6
Rxc6 53. a4 Rc2 54. Kf3 Rb2 55. Ke3 f6 56. Rc4 g5 57. a5 Kg6 58. hxg5 fxg5 59.
f3 Rb3+ 60. Kf2 Rb2+ 61. Kg1 Kf5 62. Rc5+ Kf6 63. Rc6+ Kf5 64. Rxa6 Rxb4 65.
Ra8 Ra4 66. a6 Kg6 67. a7 Kg7 68. f4 gxf4 69. gxf4 Kh7 70. f5 Rg4+ 71. Kh2 Rg7
72. f6 1-0

[Event "Calvia ol (Men)"]
[Site "Mallorca"]
[Date "2004.10.29"]
[Round "14"]
[White "Gelashvili, Tamaz"]
[Black "Lputian, Smbat G"]
[Result "0-1"]
[WhiteElo "2576"]
[BlackElo "2634"]
[PlyCount "64"]
[EventDate "2004.10.15"]
[EventType "team"]
[EventRounds "14"]
[EventCountry "ESP"]
[Source "ChessBase"]
[SourceDate "2005.01.27"]

1. d4 d5 2. c4 e6 3. Nc3 Be7 4. Nf3 Nf6 5. Bg5 h6 6. Bh4 O-O 7. e3 b6 8. Bd3
Bb7 9. O-O Nbd7 10. Bg3 c5 11. cxd5 Nxd5 12. Nxd5 Bxd5 13. Rc1 cxd4 14. Bc7 Qe8
15. e4 Bb7 16. Nxd4 Rc8 17. Bb5 Bc5 18. Bg3 a6 19. Ba4 Bxe4 20. Re1 Bd5 21. Nf5
Qd8 22. Bh4 Nf6 23. Ne3 b5 24. Bc2 Bb4 25. Ng4 Bxe1 26. Nxf6+ gxf6 27. Qg4+ Kh8
28. Qf4 Bd2 29. Qxd2 Kg7 30. Bd3 Rh8 31. Rd1 Qc7 32. Bb1 Qe5 0-1

[Event "Rilton Cup 34th"]
[Site "Stockholm"]
[Date "2005.01.04"]
[Round "8"]
[White "Nyback, Tomi"]
[Black "Akesson, Ralf"]
[Result "1-0"]
[WhiteElo "2554"]
[BlackElo "2472"]
[PlyCount "101"]
[EventDate "2004.12.27"]
[EventType "swiss"]
[EventRounds "9"]
[EventCountry "SWE"]
[Source "ChessBase"]
[SourceDate "2005.03.03"]

1. d4 Nf6 2. c4 e6 3. Nf3 d5 4. Nc3 Be7 5. Bg5 O-O 6. e3 h6 7. Bh4 b6 8. Qb3
Bb7 9. Bxf6 Bxf6 10. cxd5 exd5 11. Rd1 c6 12. Bd3 Re8 13. O-O Na6 14. Rfe1 Nc7
15. a3 g6 16. Bb1 Bg7 17. e4 dxe4 18. Bxe4 Nd5 19. Nxd5 cxd5 20. Bd3 Qd6 21.
Qa4 Bc6 22. Rxe8+ Bxe8 23. Qc2 Bd7 24. Re1 Rc8 25. Qd2 Re8 26. Rxe8+ Bxe8 27.
Qe3 Kf8 28. h4 a5 29. Ne5 b5 30. Bc2 b4 31. a4 Qe7 32. Qf4 Kg8 33. Bb3 g5 34.
Qe3 gxh4 35. Bxd5 Bxe5 36. dxe5 Bxa4 37. f4 Be8 38. Qb6 Kg7 39. Qxa5 f6 40. e6
Qd6 41. Qa7+ Kg6 42. Qd4 Kg7 43. Kf2 Bc6 44. Qa7+ Kh8 45. Bxc6 Qxc6 46. Qe3 Kg7
47. Kg1 Kg6 48. Kh2 Kg7 49. Kh3 Qd5 50. e7 Qd7+ 51. Kxh4 1-0

[Event "Hastings"]
[Site "Hastings"]
[Date "2005.01.07"]
[Round "4"]
[White "Hebden, Mark"]
[Black "Barsov, Alexei"]
[Result "1/2-1/2"]
[WhiteElo "2550"]
[BlackElo "2471"]
[PlyCount "53"]
[EventDate "2004.12.28"]
[EventType "tourn"]
[EventRounds "10"]
[EventCountry "ENG"]
[Source "ChessBase"]
[SourceDate "2005.03.03"]

1. d4 d5 2. Nf3 Nf6 3. c4 e6 4. Bg5 Be7 5. Nc3 h6 6. Bh4 O-O 7. e3 b6 8. Bd3
dxc4 9. Bxc4 Bb7 10. O-O Nbd7 11. Rc1 a6 12. a4 c5 13. Bg3 cxd4 14. exd4 Bb4
15. Re1 Rc8 16. Bd3 Nb8 17. Bb1 Bxf3 18. Qxf3 Qxd4 19. Be5 Qg4 20. Qxg4 Nxg4
21. Bxg7 Kxg7 22. Re4 Bxc3 23. Rxg4+ Kf6 24. bxc3 Rfd8 25. Rf4+ Kg7 26. g3 Rd6
27. Rg4+ 1/2-1/2

[Event "CZE-ch"]
[Site "Karlovy Vary"]
[Date "2005.02.05"]
[Round "5"]
[White "Cvek, Robert"]
[Black "Haba, Petr"]
[Result "1/2-1/2"]
[WhiteElo "2499"]
[BlackElo "2525"]
[PlyCount "64"]
[EventDate "2005.02.01"]
[EventType "tourn"]
[EventRounds "11"]
[EventCountry "CZE"]
[EventCategory "11"]
[Source "ChessBase"]
[SourceDate "2005.06.06"]

1. Nf3 Nf6 2. c4 e6 3. Nc3 d5 4. d4 Be7 5. Bg5 O-O 6. e3 h6 7. Bh4 b6 8. Bd3
dxc4 9. Bxc4 Bb7 10. O-O Nbd7 11. Qe2 Ne4 12. Bg3 Nxg3 13. hxg3 a6 14. a4 c5
15. Rad1 Qe8 16. d5 exd5 17. Nxd5 Bd8 18. Nf4 Kh8 19. g4 Bxf3 20. Qxf3 Ra7 21.
Qe2 Ne5 22. b3 Nxc4 23. Qxc4 Be7 24. Rd5 b5 25. Qe4 Qc8 26. Nh5 Rd8 27. Rfd1
Rad7 28. axb5 Rxd5 29. Rxd5 axb5 30. Nf4 Rxd5 31. Nxd5 Bf8 32. g3 Qa8 1/2-1/2

[Event "RUS-chT 1st League 12th"]
[Site "Smolensk"]
[Date "2005.02.09"]
[Round "8"]
[White "Andreikin, Dmitri"]
[Black "Rychagov, Andrey"]
[Result "1/2-1/2"]
[WhiteElo "2472"]
[BlackElo "2546"]
[PlyCount "47"]
[EventDate "2005.02.03"]
[EventType "team"]
[EventRounds "11"]
[EventCountry "RUS"]
[Source "ChessBase"]
[SourceDate "2005.03.03"]

1. d4 d5 2. Nf3 Nf6 3. c4 e6 4. Nc3 Be7 5. Bg5 O-O 6. e3 h6 7. Bh4 b6 8. cxd5
exd5 9. Rc1 Bb7 10. Bd3 Nbd7 11. O-O a6 12. Qc2 c5 13. Bf5 g6 14. Bxd7 Nxd7 15.
Bg3 Rc8 16. dxc5 Nxc5 17. Be5 b5 18. Bd4 b4 19. Ne2 Ne6 20. Qd2 Qa5 21. b3 Nxd4
22. Nfxd4 Qb6 23. Nf4 Bf6 24. h3 1/2-1/2

[Event "Leutersdorf op"]
[Site "Leutersdorf"]
[Date "2005.02.??"]
[Round "8"]
[White "Sarakauskas, Gediminas"]
[Black "Lobzhanidze, Davit"]
[Result "1/2-1/2"]
[WhiteElo "2449"]
[BlackElo "2467"]
[PlyCount "86"]
[EventDate "2005.02.05"]
[EventType "swiss"]
[EventRounds "9"]
[EventCountry "GER"]
[Source "ChessBase"]
[SourceDate "2005.03.03"]

1. d4 d5 2. c4 e6 3. Nc3 Be7 4. Nf3 Nf6 5. Bg5 O-O 6. e3 h6 7. Bh4 b6 8. cxd5
Nxd5 9. Bxe7 Qxe7 10. Be2 Bb7 11. O-O Nd7 12. Rc1 c5 13. Qa4 Rfc8 14. Rfd1 Nxc3
15. Rxc3 Nf6 16. dxc5 Nd5 17. Rc2 Rxc5 18. Rdc1 Rxc2 19. Rxc2 a5 20. a3 Rc8 21.
Rxc8+ Bxc8 22. Ne5 Kf8 23. h3 Qc7 24. Qd4 Qc1+ 25. Kh2 Qc7 26. g3 Nf6 27. Bf3
Nd7 28. Nc4 Ba6 29. Nd2 Nf6 30. Ne4 e5 31. Qd2 Bb7 32. Nxf6 gxf6 33. Bxb7 Qxb7
34. Qd3 Kg7 35. e4 Qc6 36. h4 Qc1 37. Qb5 Qc7 38. Kg2 Qd6 39. Kf3 Qd1+ 40. Qe2
Qb3+ 41. Kg4 Qe6+ 42. Kf3 Qb3+ 43. Kg2 Qe6 1/2-1/2

[Event "Athens Acropolis op"]
[Site "Athens"]
[Date "2005.03.13"]
[Round "8"]
[White "Mastrovasilis, Athanasios"]
[Black "Nikolaidis, Ioannis"]
[Result "1/2-1/2"]
[WhiteElo "2491"]
[BlackElo "2520"]
[PlyCount "23"]
[EventDate "2005.03.06"]
[EventType "swiss"]
[EventRounds "9"]
[EventCountry "GRE"]
[Source "ChessBase"]
[SourceDate "2005.05.10"]

1. c4 e6 2. Nf3 Nf6 3. d4 Be7 4. Nc3 d5 5. Bg5 h6 6. Bh4 O-O 7. e3 b6 8. Bd3
Bb7 9. O-O Ne4 10. Bxe7 Qxe7 11. Rc1 Nd7 12. cxd5 1/2-1/2

[Event "Far West Open"]
[Site "Reno"]
[Date "2005.03.20"]
[Round "6"]
[White "Serper, Grigory"]
[Black "Atalik, Suat"]
[Result "1/2-1/2"]
[WhiteElo "2543"]
[BlackElo "2560"]
[PlyCount "60"]
[EventDate "2005.03.18"]
[EventType "swiss"]
[EventRounds "6"]
[EventCountry "USA"]
[Source "ChessBase"]
[SourceDate "2005.05.10"]

1. d4 d5 2. c4 e6 3. Nc3 Be7 4. Nf3 Nf6 5. Bg5 h6 6. Bh4 O-O 7. e3 b6 8. cxd5
Nxd5 9. Bxe7 Qxe7 10. Rc1 Bb7 11. Be2 Nf6 12. O-O Nbd7 13. Qa4 c5 14. Qa3 Rfc8
15. Ba6 Nb8 16. Bxb7 Qxb7 17. dxc5 Rxc5 18. b4 Rh5 19. Qb2 Nbd7 20. Ne2 Rd5 21.
Ned4 a6 22. Qc2 Rd6 23. Qc7 Qxc7 24. Rxc7 Nd5 25. Rc6 Rxc6 26. Nxc6 Rc8 27.
Nfd4 Kf8 28. b5 axb5 29. Na7 Ra8 30. Ndxb5 Nc7 1/2-1/2

[Event "Neckar op 9th"]
[Site "Deizisau"]
[Date "2005.03.28"]
[Round "9"]
[White "Eljanov, Pavel"]
[Black "Baramidze, David"]
[Result "1/2-1/2"]
[WhiteElo "2643"]
[BlackElo "2550"]
[PlyCount "55"]
[EventDate "2005.03.24"]
[EventType "swiss"]
[EventRounds "9"]
[EventCountry "GER"]
[Source "ChessBase"]
[SourceDate "2005.05.10"]

1. d4 d5 2. c4 e6 3. Nf3 Nf6 4. Nc3 Be7 5. Bg5 h6 6. Bh4 O-O 7. e3 b6 8. Be2
Bb7 9. Bxf6 Bxf6 10. cxd5 exd5 11. b4 c6 12. O-O Nd7 13. Qb3 a6 14. a4 b5 15.
a5 Be7 16. Rfd1 Bd6 17. Na2 Qe7 18. Rab1 Rae8 19. Nc1 Qd8 20. Nd3 Re6 21. Rbc1
Rfe8 22. g3 g6 23. Bf1 f5 24. Nf4 Rf6 25. h4 Qe7 26. Rb1 Nf8 27. Bg2 Rf7 28.
Nd3 1/2-1/2

[Event "GER-ch 3rd Internet Blitz GpB"]
[Site "playchess INT"]
[Date "2005.04.03"]
[Round "1.4"]
[White "Drabke, Lorenz Maximilian"]
[Black "Haba, Petr"]
[Result "1-0"]
[WhiteElo "2456"]
[BlackElo "2525"]
[PlyCount "59"]
[EventDate "2005.04.03"]
[EventType "tourn (blitz)"]
[EventRounds "12"]
[EventCountry "GER"]
[EventCategory "9"]
[Source "ChessBase"]
[SourceDate "2005.05.10"]

1. Nf3 d5 2. d4 Nf6 3. c4 e6 4. Nc3 Be7 5. Bg5 O-O 6. e3 h6 7. Bh4 b6 8. Bd3
dxc4 9. Bxc4 Bb7 10. O-O Nbd7 11. Qe2 a6 12. Rad1 b5 13. Bd3 b4 14. Na4 Ne4 15.
Bxe7 Qxe7 16. Rc1 Rfc8 17. Qc2 Ng5 18. Nxg5 Qxg5 19. f4 Qa5 20. b3 c5 21. dxc5
Bc6 22. Bh7+ Kf8 23. Be4 Ra7 24. Bxc6 Rxc6 25. Qh7 Nxc5 26. Qh8+ Ke7 27. Qxg7
Rac7 28. f5 Nxa4 29. Rxc6 Rxc6 30. fxe6 1-0

[Event "Ostrava GM"]
[Site "Ostrava"]
[Date "2005.05.05"]
[Round "6"]
[White "Czakon, Jakub"]
[Black "Talla, Vladimir"]
[Result "1/2-1/2"]
[WhiteElo "2447"]
[BlackElo "2409"]
[PlyCount "148"]
[EventDate "2005.04.30"]
[EventType "tourn"]
[EventRounds "9"]
[EventCountry "CZE"]
[EventCategory "8"]
[Source "ChessBase"]
[SourceDate "2005.07.11"]

1. Nf3 Nf6 2. d4 d5 3. c4 e6 4. Nc3 Be7 5. Bg5 h6 6. Bh4 O-O 7. e3 b6 8. Bd3
Bb7 9. O-O Nbd7 10. Bg3 c5 11. cxd5 exd5 12. dxc5 bxc5 13. Rc1 Qb6 14. Na4 Qa5
15. Ne5 Rfe8 16. b3 Bf8 17. Nxd7 Nxd7 18. Qe1 Qxe1 19. Rfxe1 Bc6 20. Nc3 a6 21.
Red1 Nf6 22. Be2 Re6 23. h3 Bb7 24. Bf3 Ne4 25. Nxe4 dxe4 26. Be2 Bc6 27. Bc4
Ree8 28. a4 a5 29. Rd2 Red8 30. Rxd8 Rxd8 31. Bc7 Ra8 32. Rd1 Be7 33. Bb5 Ra7
34. Bd8 Bxb5 35. axb5 Bxd8 36. Rxd8+ Kh7 37. Rc8 a4 38. bxa4 Rxa4 39. Rxc5 Ra2
40. b6 Rb2 41. Rc6 f6 42. Kf1 Kg6 43. Ke1 Kf5 44. f4 exf3 45. gxf3 Ke5 46. Rc7
Rxb6 47. Rxg7 f5 48. f4+ Kf6 49. Rd7 Rb1+ 50. Kf2 Rb6 51. h4 Kg6 52. Rd5 Rf6
53. Kg3 Re6 54. Kf3 Ra6 55. h5+ Kf6 56. Rd7 Ra1 57. Rh7 Rh1 58. Rxh6+ Kf7 59.
Ke2 Kg7 60. Rg6+ Kf7 61. Rg5 Kf6 62. Kd3 Rd1+ 63. Kc4 Rh1 64. Kd5 Rd1+ 65. Kc5
Rh1 66. Kd6 Rh3 67. Rg6+ Kf7 68. Ke5 Rxe3+ 69. Kxf5 Rh3 70. Kg4 Rh1 71. Ra6 Kg7
72. Ra7+ Kh6 73. Ra6+ Kg7 74. Kf5 Rg1 1/2-1/2

[Event "Capablanca mem Premier II 40th"]
[Site "Havana"]
[Date "2005.05.12"]
[Round "7"]
[White "Almeida, Omar"]
[Black "Corrales, Fidel"]
[Result "1/2-1/2"]
[WhiteElo "2452"]
[BlackElo "2501"]
[PlyCount "117"]
[EventDate "2005.05.06"]
[EventType "tourn"]
[EventRounds "13"]
[EventCountry "CUB"]
[EventCategory "8"]
[Source "ChessBase"]
[SourceDate "2005.07.11"]

1. d4 d5 2. Nf3 Nf6 3. c4 e6 4. Nc3 Be7 5. Bg5 h6 6. Bh4 O-O 7. e3 b6 8. Be2
Bb7 9. Bxf6 Bxf6 10. cxd5 exd5 11. b4 c6 12. O-O Re8 13. Rb1 a5 14. b5 c5 15.
a4 Nd7 16. Qb3 cxd4 17. exd4 Rc8 18. Rfe1 Nf8 19. Bf1 Ne6 20. Rbd1 Re7 21. Re3
Qd6 22. g3 Ng5 23. Bg2 Rxe3 24. fxe3 Qb4 25. Qxb4 axb4 26. Ne2 Rc2 27. Kf1 Ne4
28. Rc1 Ra2 29. Ne5 Nd2+ 30. Ke1 Bxe5 31. dxe5 Nc4 32. Rxc4 dxc4 33. Bxb7 Ra1+
34. Kd2 c3+ 35. Kc2 Ra2+ 36. Kd1 c2+ 37. Kc1 b3 38. Bd5 b2+ 39. Kxc2 b1=Q+ 40.
Kxb1 Rxe2 41. a5 Rd2 42. Be4 bxa5 43. b6 Kf8 44. b7 Rd8 45. Kb2 Ke7 46. Bd5 f6
47. exf6+ Kd6 48. e4 gxf6 49. g4 Kc7 50. Kb3 Rxd5 51. exd5 Kxb7 52. Ka4 Kb6 53.
h3 Kc5 54. Kxa5 Kxd5 55. Kb5 Ke4 56. Kc4 Kf4 57. Kd5 Kg3 58. Ke4 Kxh3 59. Kf3
1/2-1/2

[Event "George Marx op"]
[Site "Paks"]
[Date "2005.06.22"]
[Round "9"]
[White "Paschall, William M"]
[Black "Akesson, Ralf"]
[Result "1/2-1/2"]
[WhiteElo "2400"]
[BlackElo "2461"]
[PlyCount "27"]
[EventDate "2005.06.14"]
[EventType "swiss"]
[EventRounds "9"]
[EventCountry "HUN"]
[Source "ChessBase"]
[SourceDate "2005.07.11"]

1. Nf3 Nf6 2. c4 e6 3. Nc3 d5 4. d4 Be7 5. Bg5 O-O 6. e3 h6 7. Bh4 b6 8. Be2
Bb7 9. Bxf6 Bxf6 10. cxd5 exd5 11. b4 c6 12. O-O Qd6 13. Qb3 Nd7 14. Rfe1
1/2-1/2

[Event "EU-ch 6th"]
[Site "Warsaw"]
[Date "2005.06.25"]
[Round "7"]
[White "Romanishin, Oleg M"]
[Black "Maze, Sebastien"]
[Result "1-0"]
[WhiteElo "2559"]
[BlackElo "2470"]
[PlyCount "83"]
[EventDate "2005.06.18"]
[EventType "swiss"]
[EventRounds "13"]
[EventCountry "POL"]
[Source "ChessBase"]
[SourceDate "2005.07.12"]

1. d4 d5 2. c4 e6 3. Nc3 Nf6 4. Bg5 Be7 5. Nf3 h6 6. Bh4 O-O 7. e3 b6 8. Bd3
dxc4 9. Bxc4 Bb7 10. O-O Nbd7 11. Bg3 c5 12. Qe2 a6 13. a4 cxd4 14. exd4 Re8
15. Rfd1 Bb4 16. Rac1 Nd5 17. Bd3 N7f6 18. Ne5 Nxc3 19. bxc3 Qd5 20. Nf3 Ba3
21. Rb1 Qc6 22. Qa2 Be7 23. c4 a5 24. d5 exd5 25. cxd5 Qxd5 26. Bc4 Qh5 27. Ne5
Rf8 28. Be2 Qf5 29. Rxb6 Be4 30. Rb5 Bd5 31. Rbxd5 Nxd5 32. Rxd5 Rab8 33. h3
Qb1+ 34. Qxb1 Rxb1+ 35. Kh2 Rfb8 36. Rxa5 R8b2 37. Bc4 Bf6 38. Bxf7+ Kh7 39.
Bg6+ Kg8 40. h4 Bd8 41. Rb5 Bf6 42. Nd7 1-0

[Event "EU-ch 6th"]
[Site "Warsaw"]
[Date "2005.06.26"]
[Round "8"]
[White "Gaprindashvili, Valerian"]
[Black "Baramidze, David"]
[Result "1/2-1/2"]
[WhiteElo "2415"]
[BlackElo "2542"]
[PlyCount "172"]
[EventDate "2005.06.18"]
[EventType "swiss"]
[EventRounds "13"]
[EventCountry "POL"]
[Source "ChessBase"]
[SourceDate "2005.07.12"]

1. d4 d5 2. c4 e6 3. Nc3 Be7 4. Nf3 Nf6 5. Bg5 h6 6. Bh4 O-O 7. e3 b6 8. Rc1
Bb7 9. cxd5 Nxd5 10. Nxd5 exd5 11. Bxe7 Qxe7 12. Bd3 c6 13. Ne5 Qb4+ 14. Qd2
Qxd2+ 15. Kxd2 f6 16. Ng6 Re8 17. Bf5 Kf7 18. g4 a5 19. h4 a4 20. Nf4 Re7 21.
Rcg1 a3 22. b3 c5 23. g5 cxd4 24. exd4 Nc6 25. gxh6 gxh6 26. Kc3 Na7 27. Bg6+
Kf8 28. Bd3 Kf7 29. Rg3 Rc8+ 30. Kd2 Rg8 31. Rxg8 Kxg8 32. Rg1+ Kf7 33. Bg6+
Kf8 34. Bf5 Ke8 35. Rg8+ Kf7 36. Rh8 Nb5 37. Kd3 Nd6 38. Rh7+ Ke8 39. Rh8+ Kf7
40. Rh7+ Ke8 41. Rxe7+ Kxe7 42. Be6 Ba6+ 43. Ke3 Nb5 44. Bxd5 Nc3 45. b4 Nd1+
46. Kf3 Kd6 47. Bb3 Bb7+ 48. Ke2 Nc3+ 49. Kd3 Ne4 50. Ke3 Nc3 51. Kd3 Ne4 52.
Nh3 f5 53. b5 Nf6 54. Nf4 Be4+ 55. Ke2 Ne8 56. Kd2 Nf6 57. Ke2 Ne8 58. f3 Bb7
59. Bc4 Nc7 60. Ke3 Ba8 61. Ke2 Bb7 62. Ke3 Ba8 63. Nd3 Nd5+ 64. Kd2 f4 65. Ne5
Ne3 66. Kc3 Nf5 67. h5 Ng3 68. Bf7 Ne2+ 69. Kd3 Ng1 70. Ng6 Nh3 71. Ne5 Ng5 72.
Nc4+ Kc7 73. Bg6 Bxf3 74. Nxa3 Bd5 75. Nc4 f3 76. Ne3 Bxa2 77. Ng4 Be6 78. Nxh6
f2 79. Ke2 Nh3 80. Bf7 Kd6 81. Bxe6 Kxe6 82. Ng4 Nf4+ 83. Kxf2 Nxh5 84. Ne3 Nf6
85. Kf3 Ne8 86. Nc4 Kd5 1/2-1/2

[Event "EU-ch 6th"]
[Site "Warsaw"]
[Date "2005.06.27"]
[Round "9"]
[White "Krasenkow, Michal"]
[Black "Asrian, Karen"]
[Result "1/2-1/2"]
[WhiteElo "2672"]
[BlackElo "2611"]
[PlyCount "131"]
[EventDate "2005.06.18"]
[EventType "swiss"]
[EventRounds "13"]
[EventCountry "POL"]
[Source "ChessBase"]
[SourceDate "2005.07.12"]

1. Nf3 d5 2. d4 Nf6 3. c4 e6 4. Nc3 Be7 5. Bg5 h6 6. Bh4 O-O 7. e3 b6 8. Rb1
Bb7 9. Bxf6 Bxf6 10. cxd5 exd5 11. b4 c6 12. Bd3 a5 13. bxa5 Rxa5 14. a4 c5 15.
O-O cxd4 16. exd4 Nc6 17. Bc2 Re8 18. Qd2 Bc8 19. h3 Ra7 20. Rb5 Be6 21. Rfb1
Na5 22. Qd3 g6 23. Rxb6 Nc4 24. R6b3 Rc7 25. Nb5 Rc8 26. Qd1 Kg7 27. Rc3 Qa5
28. Bd3 Bd7 29. Rcc1 Re6 30. Bxc4 Rxc4 31. Rxc4 dxc4 32. Ne5 Bxb5 33. axb5 c3
34. Qd3 Bg5 35. Nc6 Qa2 36. Nb4 Qd2 37. Qxd2 cxd2 38. Nd3 Rb6 39. Rd1 Rxb5 40.
f4 Bf6 41. Ne5 Rb2 42. Kf1 g5 43. Nf3 gxf4 44. Ke2 Rb3 45. Rxd2 Kg6 46. d5 Kf5
47. d6 Rb8 48. Nd4+ Ke4 49. Nc6 Rb6 50. Ne7 Rb8 51. Nd5 Bd4 52. Ne7 Bf6 53. Ra2
Bxe7 54. dxe7 Re8 55. Ra7 Kf5 56. Kf3 Rg8 57. Ra2 Ke6 58. Ra7 Kf5 59. Rd7 Rg3+
60. Kf2 Re3 61. g4+ Kf6 62. h4 Kg7 63. Ra7 Kf6 64. Ra6+ Kg7 65. Ra7 Kg6 66. Ra4
1/2-1/2

[Event "EU-ch 6th"]
[Site "Warsaw"]
[Date "2005.06.30"]
[Round "12"]
[White "Ivanchuk, Vassily"]
[Black "Asrian, Karen"]
[Result "1/2-1/2"]
[WhiteElo "2739"]
[BlackElo "2611"]
[PlyCount "73"]
[EventDate "2005.06.18"]
[EventType "swiss"]
[EventRounds "13"]
[EventCountry "POL"]
[Source "ChessBase"]
[SourceDate "2005.07.12"]

1. d4 d5 2. c4 e6 3. Nc3 Nf6 4. Bg5 Be7 5. e3 h6 6. Bh4 O-O 7. Nf3 b6 8. Be2
Bb7 9. Bxf6 Bxf6 10. cxd5 exd5 11. O-O Qe7 12. Qb3 Rd8 13. Rad1 c5 14. dxc5
Bxc3 15. Qxc3 bxc5 16. Qe5 Qxe5 17. Nxe5 Nd7 18. Nxd7 Rxd7 19. Rc1 d4 20. Rxc5
dxe3 21. fxe3 Rd2 22. Rc7 Rxe2 23. Rxb7 f6 24. Rf3 Rc8 25. h4 a5 26. Rg3 g5 27.
hxg5 hxg5 28. a4 Rcc2 29. b3 Rc3 30. Rf3 Rcc2 31. Rg3 Rc3 32. Rg4 Rcxe3 33. Rc4
Re1+ 34. Kf2 R1e2+ 35. Kg1 Re1+ 36. Kh2 Re7 37. Rxe7 1/2-1/2

[Event "SWE-ch"]
[Site "Goeteborg"]
[Date "2005.07.12"]
[Round "10"]
[White "Brynell, Stellan"]
[Black "Akesson, Ralf"]
[Result "1-0"]
[WhiteElo "2484"]
[BlackElo "2466"]
[PlyCount "91"]
[EventDate "2005.07.02"]
[EventType "tourn"]
[EventRounds "13"]
[EventCountry "SWE"]
[EventCategory "8"]
[Source "ChessBase"]
[SourceDate "2005.09.02"]

1. d4 Nf6 2. c4 e6 3. Nf3 d5 4. Nc3 Be7 5. Bg5 O-O 6. e3 h6 7. Bh4 b6 8. Bd3
Bb7 9. O-O dxc4 10. Bxc4 Nbd7 11. Qe2 a6 12. Rfd1 b5 13. Bd3 Qe8 14. Rac1 c5
15. Bxf6 Bxf6 16. Ne4 c4 17. Nxf6+ Nxf6 18. Bb1 Qe7 19. Ne5 Rac8 20. Qd2 Rc7
21. b3 Rfc8 22. bxc4 bxc4 23. Qa5 Nd5 24. a3 c3 25. Rc2 Qg5 26. Nf3 Qd8 27.
Rdc1 Qd6 28. Ne5 f6 29. Nd3 e5 30. e4 Ne7 31. d5 f5 32. f3 fxe4 33. fxe4 Rc4
34. Re1 Kh8 35. Ba2 Rd4 36. Rxc3 Rf8 37. Qc7 Qxc7 38. Rxc7 Rxd3 39. Rxe7 Rxa3
40. Bc4 Bc8 41. Rf1 Rd8 42. Rxe5 a5 43. Re7 Rc3 44. Bb5 Rb3 45. Be8 Rd6 46. e5
1-0

[Event "Barbera del Valles op"]
[Site "Barbera del Valles"]
[Date "2005.07.09"]
[Round "6"]
[White "Borges Mateos, Juan"]
[Black "Narciso Dublan, Marc"]
[Result "1/2-1/2"]
[WhiteElo "2467"]
[BlackElo "2476"]
[PlyCount "134"]
[EventDate "2005.07.04"]
[EventType "swiss"]
[EventRounds "9"]
[EventCountry "ESP"]
[Source "ChessBase"]
[SourceDate "2005.09.02"]

1. d4 d5 2. c4 e6 3. Nc3 Be7 4. Nf3 Nf6 5. Bg5 O-O 6. e3 h6 7. Bh4 b6 8. cxd5
Nxd5 9. Bxe7 Qxe7 10. Nxd5 exd5 11. Rc1 Be6 12. Qa4 c5 13. dxc5 bxc5 14. Qa3
Rc8 15. Be2 Nd7 16. O-O Qd6 17. Rc2 Rcb8 18. Rfc1 Rb6 19. Nd2 a5 20. e4 d4 21.
Nc4 Bxc4 22. Bxc4 Qf4 23. g3 Qxe4 24. Re2 Qf5 25. Rce1 Rf8 26. Bd3 Qd5 27. Qxa5
Re6 28. Qc7 Rxe2 29. Rxe2 Nf6 30. Qe5 Qxa2 31. Qxc5 Qa1+ 32. Kg2 Qa8+ 33. f3
Rd8 34. Kf2 Qa4 35. Qc7 Rf8 36. Qc4 Qd7 37. Qb5 Qd6 38. Qe5 Qb4 39. Qb5 Rb8 40.
Qxb4 Rxb4 41. Rc2 g5 42. Bc4 Nd7 43. b3 Ne5 44. Rd2 Nxc4 45. bxc4 Rxc4 46. Ke2
Kg7 47. f4 f5 48. Kd3 Ra4 49. fxg5 hxg5 50. Rc2 Kg6 51. Rc8 Kh5 52. Rg8 Rb4 53.
Rg7 Kg4 54. h4 Kxg3 55. Rxg5+ Kf4 56. Rg1 Ke5 57. Rh1 Rb3+ 58. Kc2 Rc3+ 59. Kd2
f4 60. h5 f3 61. h6 Rc8 62. h7 Rh8 63. Rh4 Kd5 64. Kd3 Ke5 65. Kd2 Kf5 66. Rxd4
Rxh7 67. Ke3 Rh3 1/2-1/2

[Event "Paris-ch"]
[Site "Paris"]
[Date "2005.07.16"]
[Round "8"]
[White "Kogan, Artur"]
[Black "David, Alberto"]
[Result "1/2-1/2"]
[WhiteElo "2580"]
[BlackElo "2579"]
[PlyCount "26"]
[EventDate "2005.07.10"]
[EventType "swiss"]
[EventRounds "9"]
[EventCountry "FRA"]
[Source "ChessBase"]
[SourceDate "2005.09.02"]

1. d4 Nf6 2. c4 e6 3. Nf3 d5 4. Bg5 Be7 5. Nc3 h6 6. Bh4 O-O 7. e3 b6 8. Bd3
Bb7 9. O-O Nbd7 10. Bg3 c5 11. Qe2 Ne4 12. cxd5 exd5 13. Rad1 Qc8 1/2-1/2

[Event "Olomouc Proclient Cup"]
[Site "Olomouc"]
[Date "2005.08.09"]
[Round "9"]
[White "Bromberger, Stefan"]
[Black "Gavrilov, Alexei V"]
[Result "1-0"]
[WhiteElo "2491"]
[BlackElo "2464"]
[PlyCount "103"]
[EventDate "2005.08.03"]
[EventType "tourn"]
[EventRounds "11"]
[EventCountry "CZE"]
[EventCategory "8"]
[Source "ChessBase"]
[SourceDate "2005.09.02"]

1. d4 Nf6 2. c4 e6 3. Nf3 d5 4. Nc3 Be7 5. Bg5 h6 6. Bh4 O-O 7. e3 b6 8. Rc1
Bb7 9. cxd5 Nxd5 10. Bxe7 Qxe7 11. Bc4 Nxc3 12. Rxc3 Nd7 13. O-O c5 14. dxc5
Nxc5 15. Qe2 Rfd8 16. Rcc1 Rac8 17. Rfd1 Rxd1+ 18. Rxd1 Qf6 19. Nd4 Rd8 20. f3
Qe5 21. Rd2 Rc8 22. Nb3 g6 23. Nxc5 Rxc5 24. Qd3 b5 25. f4 Qe4 26. Qxe4 Bxe4
27. Be2 Bd5 28. a3 a5 29. Bd3 Kf8 30. Rc2 Rxc2 31. Bxc2 b4 32. axb4 axb4 33. e4
Bc4 34. Kf2 Ke7 35. e5 Bb5 36. Ke3 Kd7 37. Bd3 Bc6 38. Be4 Ba4 39. Kd4 Bd1 40.
Kc5 b3 41. Bc6+ Ke7 42. Ba4 f6 43. Kb4 g5 44. Bxb3 Bg4 45. fxg5 hxg5 46. exf6+
Kxf6 47. Kc5 Ke5 48. Bc2 Kf4 49. b4 e5 50. g3+ Kf3 51. Kd5 Bd7 52. Kxe5 1-0